LEADER 01216nam a2200337 i 4500 001 991001031679707536 005 20020507181954.0 008 981125s1971 us ||| | eng 035 $ab10791590-39ule_inst 035 $aLE01306004$9ExL 040 $aDip.to Matematica$beng 082 0 $a515.758 084 $aAMS 42A45 084 $aAMS 43A22 100 1 $aLarsen, Ronald$012292 245 13$aAn introduction to the theory of multipliers /$cRonald Larsen 260 $aNew York :$bSpringer-Verlag,$c1971 300 $a282p. ;$c24 cm. 490 0 $aGrundlehren der mathematischen Wissenschaften = A series of comprehensive studies in mathematics,$x0072-7830 ;$v175 650 0$aHarmonic analysis 650 0$aHomomorphism 650 0$aLinear operators 650 0$aLinear topological spaces 650 0$aMathematical analysis 650 0$aMultipliers 907 $a.b10791590$b23-02-17$c28-06-02 912 $a991001031679707536 945 $aLE013 43-XX LAR11 (1971)$g1$i2013000104249$lle013$o-$pE0.00$q-$rl$s- $t0$u0$v0$w0$x0$y.i10892187$z28-06-02 996 $aIntroduction to the theory of multipliers$9382083 997 $aUNISALENTO 998 $ale013$b01-01-98$cm$da $e-$feng$gus $h3$i1 LEADER 00993nam0 22002651i 450 001 UON00267548 005 20231205103741.300 010 $a85-7577-163-9 100 $a20051010d2004 |0itac50 ba 101 $apor 102 $aBR 105 $a|||| ||||| 200 1 $aQuisera que minha mao sobre teu peito fosse raiz$fDeniza Cruz 210 $aRio de Janeiro$c7Letras$d2004 215 $a147 p.$cill.$d18 cm. 620 $aBR$dRio de Janeiro$3UONL001554 676 $a869.899201$cPoesia brasiliana in portoghese$v21 700 1$aCRUZ$bDenize$3UONV158543$0690535 712 $a7Letras$3UONV271321$4650 801 $aIT$bSOL$c20240220$gRICA 899 $aSIBA - SISTEMA BIBLIOTECARIO DI ATENEO$2UONSI 912 $aUON00267548 950 $aSIBA - SISTEMA BIBLIOTECARIO DI ATENEO$dSI Bras I 209 $eSI DA 984 5 209 996 $aQuisera que minha mao sobre teu peito fosse raiz$91240782 997 $aUNIOR